[Event "BCF Ch"]
[Site "Southport ENG"]
[Date "1983.??.??"]
[Round "5"]
[White "Hebden, Mark L"]
[Black "Thipsay, Praveen Mahadeo"]
[Result "0-1"]
[WhiteElo "2435"]
[BlackElo "2425"]
[PlyCount "102"]
[EventDate "1983.08.??"]
[Source "www.chesslib.no"]
[SourceDate "2004.05.04"]

1. e4 e5 2. f4 exf4 3. Nf3 d6 4. d4 g5 5. h4 g4 6. Ng1 Nf6 7. Nc3 Nh5 8. Qd3 c6 9. Nge2 Qf6 10. Bd2 Bh6 11. Nb5 Qe7 12. Nbc3 Qe6 13. O-O-O O-O 14. g3 f3 15. Nf4 Nxf4 16. Bxf4 Bxf4+ 17. gxf4 f5 18. e5 d5 19. Nb1 Na6 20. Nd2 Qh6 21. Qe3 Nc7 22. h5 Ne6 23. Rh4 Kh8 24. c4 dxc4 25. Nxf3 gxf3 26. d5 cxd5 27. Rxd5 Qg7 28. Qxf3 Qe7 29. Rh2 Qb4 30. h6 c3 31. bxc3 Qxf4+ 32. Qxf4 Nxf4 33. Rd6 Ng6 34. e6 a6 35. Bd3 Nf4 36. Bxf5 Bxe6 37. Bxe6 Rf6 38. Rd7 Rxe6 39. Rxb7 Rc8 40. Kb2 Rec6 41. Rd2 Rxh6 42. Rdd7 Rh2+ 43. Ka1 Ne2 44. Rdc7 Rg8 45. a4 a5 46. Rb2 Rg1+ 47. Ka2 Nc1+ 48. Ka3 Rxb2 49. Kxb2 Nd3+ 50. Kc2 Nf4 51. c4 Ra1 0-1

[Event "ISL Ch"]
[Site "Reykjavik ISL"]
[Date "1981.??.??"]
[Round "7"]
[White "Arnason, Jon L"]
[Black "Hjartarson, Johann"]
[Result "1-0"]
[WhiteElo "2450"]
[BlackElo "2405"]
[PlyCount "47"]
[EventDate "1981.??.??"]
[Source "www.chesslib.no"]
[SourceDate "2004.05.04"]

1. e4 e5 2. f4 exf4 3. Nf3 d6 4. Bc4 Be6 5. Bxe6 fxe6 6. d4 Qf6 7. Nc3 Ne7 8. Qe2 a6 9. e5 dxe5 10. dxe5 Qf5 11. Nh4 Qg5 12. g3 Ng6 13. Ne4 Qxe5 14. Nxg6 hxg6 15. Bxf4 Qxb2 16. O-O Qb6+ 17. Be3 Qc6 18. Qg4 Kd8 19. Ng5 Kc8 20. Nxe6 Qd7 21. Rxf8+ Rxf8 22. Rd1 Rf6 23. Rxd7 Nxd7 24. Bd4 1-0

[Event "Martinez Acosta B"]
[Site "Martinez Acosta B"]
[Date "1995.??.??"]
[Round "?"]
[White "Brooks, Ian S"]
[Black "Lubrano, Pietro"]
[Result "0-1"]
[WhiteElo "2475"]
[BlackElo "2380"]
[PlyCount "52"]
[EventDate "1995.??.??"]
[Source "www.chesslib.no"]
[SourceDate "2004.05.04"]

1. e4 e5 2. f4 exf4 3. Nf3 d6 4. d4 g5 5. h4 g4 6. Ng1 Bh6 7. Ne2 Qf6 8. Nbc3 f3 9. Ng3 f2+ 10. Ke2 Be6 11. Bxh6 Qxh6 12. Kxf2 Nf6 13. Kg1 Qe3+ 14. Kh2 Qh6 15. Qd3 Qxh4+ 16. Kg1 Qg5 17. Re1 c6 18. d5 Bd7 19. Nf5 Bxf5 20. exf5+ Kf8 21. Qg3 cxd5 22. Qxd6+ Kg7 23. Ne4 dxe4 24. Bb5 Nc6 25. Ba4 Rad8 26. Qg3 Rd2 0-1

[Event "Ch team"]
[Site "Rostov on Don"]
[Date "1988.??.??"]
[Round "?"]
[White "Yakovich, Yuri"]
[Black "Zhukhovitsky, Samuel"]
[Result "0-1"]
[WhiteElo "2450"]
[BlackElo "2395"]
[PlyCount "78"]
[EventDate "1988.??.??"]
[Source "www.chesslib.no"]
[SourceDate "2004.05.04"]

1. e4 e5 2. f4 exf4 3. Nf3 d6 4. d4 g5 5. h4 g4 6. Ng1 Nf6 7. Bxf4 Nxe4 8. Bd3 d5 9. Bxe4 dxe4 10. Nc3 Bg7 11. Nge2 O-O 12. Qd2 f5 13. O-O-O Nc6 14. h5 a6 15. Bh6 Bxh6 16. Qxh6 Qd6 17. Qg5+ Kh8 18. Qe3 f4 19. Qxe4 f3 20. gxf3 gxf3 21. Ng1 Qh6+ 22. Kb1 Bf5 23. Qe1 Rae8 24. Qf2 Nb4 25. Rc1 Qe3 26. Nh3 Nxc2 27. Rxc2 Bxh3 28. Qxe3 Rxe3 29. Nd1 Bg2 30. Nxe3 Bxh1 31. Rh2 Re8 32. Rxh1 Rxe3 33. Kc2 Re2+ 34. Kc3 f2 35. Rf1 Kg7 36. a4 Kh6 37. b4 Kxh5 38. Kd3 Ra2 39. Ke3 Kg4 0-1

[Event "Malaga"]
[Site "Malaga ESP"]
[Date "1987.??.??"]
[Round "?"]
[White "Hebden, Mark L"]
[Black "Alvarez, R."]
[Result "1-0"]
[WhiteElo "2465"]
[BlackElo "2370"]
[PlyCount "78"]
[EventDate "1987.03.??"]
[Source "www.chesslib.no"]
[SourceDate "2004.05.04"]

1. e4 e5 2. f4 exf4 3. Nf3 d6 4. d4 g5 5. h4 g4 6. Ng1 f3 7. gxf3 Be7 8. h5 Bh4+ 9. Ke2 gxf3+ 10. Nxf3 Bg4 11. Kd3 Nc6 12. c3 Ne5+ 13. dxe5 dxe5+ 14. Ke3 Qxd1 15. Bb5+ c6 16. Rxd1 cxb5 17. Rd5 Bf6 18. Na3 Ne7 19. Rd6 Bg7 20. Nxb5 O-O 21. h6 Bh8 22. Bd2 Ng6 23. Rg1 f5 24. exf5 Bxf5 25. Nh4 Bc2 26. Na3 Bf6 27. Rxf6 Rxf6 28. Nxc2 Rd8 29. c4 Kf7 30. Nxg6 Rxg6 31. Rxg6 Kxg6 32. Ke2 Kf5 33. Ne3+ Ke4 34. Nd5 Rd6 35. Be3 a6 36. Nc3+ Kf5 37. Kf3 Rg6 38. Ne4 Rc6 39. c5 Ke6 1-0

[Event "Belgrade TS12 GM"]
[Site "?"]
[Date "2002.12.22"]
[Round "2"]
[White "Dimitrijevic Aleksandra"]
[Black "Abramovic Bosko"]
[Result "0-1"]
[WhiteElo "2336"]
[BlackElo "2492"]
[PlyCount "52"]
[EventDate "2002.??.??"]
[Source "www.chesslib.no"]
[SourceDate "2004.05.04"]

1. e4 e5 2. f4 exf4 3. Nf3 d6 4. d4 g5 5. Bc4 Bg7 6. h4 h6 7. c3 Nc6 8. O-O Bd7 9. Qb3 Qe7 10. Qxb7 Rb8 11. Qa6 g4 12. Nh2 f3 13. Bf4 fxg2 14. Kxg2 Nf6 15. Nd2 O-O 16. b4 Nh5 17. Bg3 Kh8 18. b5 Nxg3 19. Kxg3 Ne5 20. Be2 Ng6 21. Kg2 Nxh4+ 22. Kg1 Qg5 23. Nc4 Bxb5 24. Qa5 Nf3+ 25. Kh1 Nxh2 26. Rf5 Qh4 0-1

[Event "Bayamo"]
[Site "Bayamo"]
[Date "1990.??.??"]
[Round "9"]
[White "Garcia Martinez, Silvino"]
[Black "Sariego, Wilfredo"]
[Result "1-0"]
[WhiteElo "2415"]
[BlackElo "2405"]
[PlyCount "41"]
[EventDate "1990.04.??"]
[Source "ChessBase"]

1. e4 e5 2. f4 exf4 3. Nf3 d6 4. d4 g5 5. h4 g4 6. Ng1 Bh6 7. Ne2 f5 8. Nxf4 fxe4 9. Nc3 Bf5 10. Be2 Bxf4 11. Bxf4 Qd7 12. O-O Nf6 13. Bg5 O-O 14. Bxf6 Rxf6 15. Nxe4 Rf7 16. Ng3 Bg6 17. h5 Rxf1+ 18. Qxf1 Bf7 19. Qf6 Qe6 20. Qg5+ Kf8 21. Bxg4 1-0

[Event "10th AKN Weekender, Haarlem NED"]
[Site "?"]
[Date "2001.??.??"]
[Round "5"]
[White "Van Wessel, R."]
[Black "Lobzhanidze, D."]
[Result "0-1"]
[WhiteElo "2320"]
[BlackElo "2500"]
[PlyCount "42"]
[EventDate "2001.??.??"]
[Source "www.chesslib.no"]
[SourceDate "2004.05.04"]

1. e4 e5 2. f4 exf4 3. Nf3 d6 4. d4 g5 5. h4 g4 6. Ng1 f3 7. gxf3 Be7 8. Be3 Bxh4+ 9. Kd2 c5 10. c3 Nc6 11. Kc1 Bd7 12. dxc5 dxc5 13. Nd2 Be7 14. f4 h5 15. Ne2 Qc7 16. f5 Ne5 17. Nf4 Nf6 18. Bc4 Nxc4 19. Nxc4 O-O-O 20. Nd5 Nxd5 21. exd5 Bc6 0-1

[Event "Corr"]
[Site "?"]
[Date "1997.??.??"]
[Round "?"]
[White "Gundersen Helge Folmer"]
[Black "Huuskonen Veli Matti"]
[Result "1/2-1/2"]
[WhiteElo "2415"]
[BlackElo "2400"]
[PlyCount "83"]
[EventDate "1997.??.??"]
[Source "www.chesslib.no"]
[SourceDate "2004.05.04"]

1. e4 e5 2. f4 exf4 3. Nf3 d6 4. d4 g5 5. h4 g4 6. Ng1 f3 7. Bg5 fxg2 8. Bxg2 Be7 9. Qd2 h5 10. Bxe7 Nxe7 11. Nc3 Ng6 12. Qf2 c6 13. Nge2 b5 14. Nf4 Qf6 15. Nxg6 Qxf2+ 16. Kxf2 fxg6 17. e5 dxe5 18. Nxb5 O-O+ 19. Kg3 a6 20. Nd6 exd4 21. Rad1 Ra7 22. Rxd4 Re7 23. Re4 Rxe4 24. Bxe4 Bd7 25. Rd1 Kg7 26. Nb7 Bf5 27. Nc5 Re8 28. Bxf5 Re3+ 29. Kg2 gxf5 30. Rd8 Re2+ 31. Kf1 Rxc2 32. b4 a5 33. a3 axb4 34. axb4 f4 35. Ne6+ Kf7 36. Ng5+ Kf6 37. Rxb8 Rh2 38. b5 cxb5 39. Rb6+ Ke7 40. Rxb5 Rxh4 41. Rf5 f3 42. Nxf3 1/2-1/2

[Event "Biel"]
[Site "Biel"]
[Date "1998.??.??"]
[Round "11"]
[White "Gallagher, Joseph G"]
[Black "Bagirov, Rufat"]
[Result "1-0"]
[WhiteElo "2490"]
[BlackElo "2325"]
[PlyCount "177"]
[EventDate "1998.07.??"]
[Source "www.chesslib.no"]
[SourceDate "2004.05.04"]

1. e4 e5 2. f4 exf4 3. Nf3 d6 4. d4 g5 5. h4 g4 6. Ng1 f5 7. Nc3 fxe4 8. Bxf4 Bf5 9. Nge2 Nf6 10. Ng3 Bg6 11. h5 Bf7 12. Bg5 d5 13. Qd2 Be6 14. Be2 Be7 15. O-O O-O 16. Nf5 Bxf5 17. Rxf5 c6 18. Raf1 Nbd7 19. Bh6 Rf7 20. Bxg4 Kh8 21. Bh3 Qc7 22. R5f4 Qd6 23. R4f2 Bd8 24. Bf4 Qf8 25. Bg5 Nb6 26. Be6 Nc4 27. Qc1 e3 28. Bxe3 Qe7 29. Bxf7 Nxe3 30. Rxf6 Nxf1 31. Rxf1 Bb6 32. Qf4 Rf8 33. Kh1 Bc7 34. Qf6+ Qxf6 35. Rxf6 Kg7 36. Rf3 Rxf7 37. Rxf7+ Kxf7 38. g4 h6 39. Kg2 Kf6 40. Kf3 Ba5 41. Nd1 Bd2 42. Nf2 Ba5 43. Nd3 Bc7 44. Nc5 b6 45. Nd3 Bd6 46. a3 c5 47. Nf4 cxd4 48. Nxd5+ Ke5 49. Nb4 a5 50. Nd3+ Kd5 51. Nf4+ Ke5 52. Ng6+ Kf6 53. Nh4 a4 54. Nf5 Be5 55. Ng3 Kg5 56. Ne4+ Kh4 57. Nf2 Kg5 58. Nd3 Bd6 59. b3 b5 60. bxa4 bxa4 61. Nb2 Bxa3 62. Nxa4 Bc1 63. Nc5 Kf6 64. Nd3 Bd2 65. Ke4 Kg5 66. Ne5 Bc3 67. Kf3 Bd2 68. Nf7+ Kf6 69. Nd6 Bc1 70. Nc4 Kg5 71. Ne5 Bd2 72. Nd7 Bc1 73. Nc5 Kf6 74. Nb3 Bb2 75. Nd2 Bc1 76. Ne4+ Ke5 77. Nf2 Bd2 78. Nd3+ Kf6 79. Nf4 Ke5 80. Ng6+ Kf6 81. Nh4 Kg5 82. Nf5 Bc3 83. Ng3 Bb2 84. Ne4+ Kh4 85. Kf4 Bc1+ 86. Kf5 Be3 87. g5 d3 88. cxd3 hxg5 89. h6 1-0

[Event "Luzern ol (Men)"]
[Site "Lucerne SUI"]
[Date "1982.??.??"]
[Round "2"]
[White "Handoko, Edhi"]
[Black "Westerinen, Heikki M J"]
[Result "1-0"]
[WhiteElo "2370"]
[BlackElo "2440"]
[PlyCount "73"]
[EventDate "1982.10.??"]
[Source "www.chesslib.no"]
[SourceDate "2004.05.04"]

1. e4 e5 2. f4 exf4 3. Nf3 d6 4. d4 g5 5. h3 h6 6. Bc4 Nf6 7. O-O Bg7 8. Nc3 O-O 9. e5 Nh5 10. Re1 Ng3 11. exd6 Qxd6 12. b3 Bd7 13. a4 Re8 14. Ba3 Qg6 15. Rxe8+ Bxe8 16. Nd5 Nc6 17. Ne5 Qe4 18. Nxc6 bxc6 19. Ne7+ Kh8 20. c3 Qe3+ 21. Kh2 Qxc3 22. Ra2 Rd8 23. d5 Qe5 24. Bd3 cxd5 25. Rc2 f3 26. Qxf3 Nf5+ 27. g3 Nd4 28. Qf1 Nxc2 29. Bxc2 f5 30. Nxf5 Bg6 31. Nxh6 Bxh6 32. Bxg6 d4 33. Bd3 c5 34. Bxc5 Bg7 35. Ba3 Re8 36. Qf7 g4 37. Bd6 1-0

[Event "Sydney Cepacol"]
[Site "Sydney"]
[Date "1991.??.??"]
[Round "6"]
[White "Handoko, Edhi"]
[Black "Solomon, Stephen J"]
[Result "0-1"]
[WhiteElo "2390"]
[BlackElo "2420"]
[PlyCount "70"]
[EventDate "1991.01.??"]
[Source "ChessBase"]

1. e4 e5 2. f4 exf4 3. Nf3 d6 4. d4 g5 5. Bc4 h6 6. O-O Nc6 7. c3 Bg7 8. g3 fxg3 9. Bxf7+ Ke7 10. hxg3 Nf6 11. Bb3 Rf8 12. e5 dxe5 13. Qe1 Ng4 14. d5 Na5 15. c4 Qd6 16. Nc3 Nxc4 17. Bxc4 Qc5+ 18. Kg2 Qxc4 19. b3 Qd3 20. Ba3+ Kd8 21. Bxf8 Bxf8 22. Nxe5 Ne3+ 23. Kh2 Nxf1+ 24. Qxf1 Qxf1 25. Rxf1 Bg7 26. Nf7+ Ke7 27. Nb5 Bg4 28. Nxc7 Rf8 29. d6+ Kd7 30. Nb5 a6 31. Nc7 Bh5 32. Ne5+ Kxd6 33. Rxf8 Bxf8 34. g4 Kxc7 35. gxh5 Bd6 0-1

[Event "Cappelle Open"]
[Site "Cappelle la Grande FRA"]
[Date "1989.??.??"]
[Round "?"]
[White "Berthelot, Yannick"]
[Black "Mikhalchishin, Adrian B"]
[Result "1/2-1/2"]
[WhiteElo "2330"]
[BlackElo "2475"]
[PlyCount "32"]
[EventDate "1989.02.??"]
[Source "www.chesslib.no"]
[SourceDate "2004.05.04"]

1. e4 e5 2. f4 exf4 3. Nf3 d6 4. Bc4 h6 5. h4 Nf6 6. Nc3 Be7 7. d3 Nh5 8. Ne5 dxe5 9. Qxh5 O-O 10. g3 Be6 11. Bd2 Nc6 12. gxf4 exf4 13. O-O-O Qd6 14. Rhg1 Kh7 15. Bxe6 Qxe6 16. Bxf4 Bd6 1/2-1/2

[Event "Corr"]
[Site "?"]
[Date "1995.12.30"]
[Round "?"]
[White "Perea Montero Luis Antonio (E"]
[Black "Klompus Grigory Yakovlevich"]
[Result "0-1"]
[WhiteElo "2480"]
[BlackElo "2325"]
[PlyCount "60"]
[EventDate "1995.??.??"]
[Source "www.chesslib.no"]
[SourceDate "2004.05.04"]

1. e4 e5 2. f4 exf4 3. Nf3 d6 4. d4 g5 5. h4 g4 6. Ng1 Bh6 7. Nc3 c6 8. Nge2 Qf6 9. g3 f3 10. Nf4 Qe7 11. Nh5 Bxc1 12. Qxc1 f5 13. Qg5 fxe4 14. Qxe7+ Kxe7 15. Nxe4 d5 16. Nf2 Nf6 17. Nxf6 Kxf6 18. Rh2 Bf5 19. Nd3 Nd7 20. O-O-O Rae8 21. Nf4 Re4 22. Nh5+ Kg6 23. Nf4+ Rxf4 24. gxf4 Be4 25. Kd2 Kf5 26. Ke3 Re8 27. Rc1 Nf6 28. Rf2 g3 29. Rxf3 Kg4 30. Ke2 Bxf3+ 0-1

[Event "Mondariz 12"]
[Site "?"]
[Date "1995.??.??"]
[Round "6"]
[White "Jerez Perez Alfonso"]
[Black "Campos Moreno Javier B"]
[Result "0-1"]
[WhiteElo "2355"]
[BlackElo "2450"]
[PlyCount "54"]
[EventDate "1995.??.??"]
[Source "www.chesslib.no"]
[SourceDate "2004.05.04"]

1. e4 e5 2. f4 exf4 3. Nf3 d6 4. Bc4 h6 5. d3 g5 6. g3 g4 7. Nd4 f3 8. c3 Nc6 9. Nxc6 bxc6 10. Na3 d5 11. exd5 cxd5 12. Bb5+ Bd7 13. Be3 Bxa3 14. Bxd7+ Qxd7 15. bxa3 Ne7 16. Qd2 Nf5 17. O-O d4 18. Bf2 O-O 19. Qf4 Ne3 20. Qxh6 Qf5 21. Rfe1 Rfe8 22. Bxe3 dxe3 23. Rxe3 Rad8 24. Rd1 Rxe3 25. Qxe3 Rd6 26. h3 Re6 27. hxg4 Qxg4 0-1

[Event "Skei"]
[Site "Skei"]
[Date "1993.??.??"]
[Round "4"]
[White "Engedal, Kim Nikolai"]
[Black "Skembris, Spyridon"]
[Result "0-1"]
[WhiteElo "2240"]
[BlackElo "2560"]
[PlyCount "80"]
[EventDate "1993.??.??"]
[Source "ChessBase"]

1. e4 e5 2. f4 exf4 3. Nf3 d6 4. d4 Nf6 5. Nc3 Nh5 6. Be2 g6 7. O-O Bg4 8. Nd5 Bh6 9. Ne1 Bxe2 10. Qxe2 Nc6 11. c3 O-O 12. Nd3 Ne7 13. N3xf4 Bxf4 14. Nxf4 Ng7 15. Nh3 f6 16. d5 Qd7 17. Be3 Rae8 18. Qd3 Rf7 19. Bd4 Ref8 20. c4 g5 21. b4 Ng6 22. Qe2 a6 23. Rac1 Qa4 24. Qb2 Nh5 25. g3 h6 26. Nf2 Ne5 27. Qe2 Ng7 28. Bxe5 fxe5 29. Ng4 Kh7 30. Rxf7 Rxf7 31. Rf1 Rxf1+ 32. Qxf1 Qxb4 33. Qf7 Qb1+ 34. Kg2 Qxe4+ 35. Kh3 Qf5 36. Qxf5+ Nxf5 37. Nf6+ Kg6 38. Ne8 Ne3 39. Nxc7 g4+ 40. Kh4 h5 0-1

[Event "Groningen op"]
[Site "Groningen"]
[Date "1995.??.??"]
[Round "?"]
[White "David, Alberto"]
[Black "Novikov, Yury A"]
[Result "1-0"]
[WhiteElo "2465"]
[BlackElo "2335"]
[PlyCount "55"]
[EventDate "1995.12.??"]
[Source "ChessBase"]

1. e4 e5 2. f4 exf4 3. Nf3 d6 4. d4 g5 5. h4 g4 6. Ng1 Bh6 7. Nc3 f5 8. Nge2 fxe4 9. Nxf4 Bf5 10. Be2 Qd7 11. O-O Nc6 12. Nh5 e3 13. Nd5 Qf7 14. Nhf6+ Nxf6 15. Rxf5 Qxd5 16. Rxd5 Nxd5 17. Bxg4 Rf8 18. Be6 Nf6 19. Qd3 Ke7 20. Bb3 Rae8 21. Bxe3 Bg7 22. Bg5 Kd7 23. Qf5+ Kd8 24. Qxh7 Re7 25. Qg6 Nxd4 26. Rf1 Ne2+ 27. Kh2 Ng4+ 28. Kh3 1-0

[Event "Bangalore"]
[Site "Bangalore"]
[Date "1981.??.??"]
[Round "11"]
[White "Handoko, Edhi"]
[Black "Thipsay, Praveen Mahadeo"]
[Result "1-0"]
[WhiteElo "2405"]
[BlackElo "2390"]
[PlyCount "39"]
[EventDate "1981.07.??"]
[Source "ChessBase"]

1. e4 e5 2. f4 exf4 3. Nf3 d6 4. d4 g5 5. h4 g4 6. Ng1 Be7 7. Bxf4 Bxh4+ 8. g3 Bg5 9. Ne2 h5 10. Qd2 Bxf4 11. Nxf4 h4 12. Nc3 c6 13. O-O-O Nd7 14. e5 d5 15. e6 Ndf6 16. exf7+ Kxf7 17. Bd3 Ne7 18. Rdf1 h3 19. Rh2 Neg8 20. Ng6 1-0

[Event "Budapest FS08 IM"]
[Site "Budapest HUN"]
[Date "1994.??.??"]
[Round "6"]
[White "Furhoff, Johan"]
[Black "Petran, Pal"]
[Result "0-1"]
[WhiteElo "2320"]
[BlackElo "2475"]
[PlyCount "86"]
[EventDate "1994.08.??"]
[Source "www.chesslib.no"]
[SourceDate "2004.05.04"]

1. e4 e5 2. f4 exf4 3. Nf3 d6 4. d4 g5 5. Nc3 Bg7 6. g3 g4 7. Nh4 f3 8. Be3 Ne7 9. Qd2 Ng6 10. Nxg6 hxg6 11. O-O-O Nc6 12. Nd5 Be6 13. Bb5 a6 14. Ba4 Bxd5 15. exd5 b5 16. dxc6 bxa4 17. Rde1 Kf8 18. Qa5 Rh5 19. Qxa4 Qf6 20. Qc4 Rb5 21. h3 gxh3 22. Rxh3 Re8 23. Qc3 f2 24. Rf1 Qe6 25. g4 Qxg4 26. Bxf2 Rf5 27. Rhh1 Qf4+ 28. Qd2 Re2 29. Qxf4 Rxf4 30. Be1 Rxf1 31. Rxf1 Bxd4 32. Ba5 Re7 33. c3 Be3+ 34. Kc2 f5 35. Kd3 f4 36. Rh1 Kg7 37. c4 g5 38. b4 g4 39. Rh5 g3 40. Ke2 Bb6+ 41. Kf3 Bxa5 42. bxa5 Rf7 43. Rg5+ Kf8 0-1

[Event "Lyon Open"]
[Site "Lyon FRA"]
[Date "1990.??.??"]
[Round "?"]
[White "Sanchez Almeyra, Jorge"]
[Black "Anic, Darko"]
[Result "1-0"]
[WhiteElo "2380"]
[BlackElo "2405"]
[PlyCount "53"]
[EventDate "1990.12.??"]
[Source "www.chesslib.no"]
[SourceDate "2004.05.04"]

1. e4 e5 2. f4 exf4 3. Nf3 d6 4. d4 g5 5. h4 g4 6. Ng1 Bh6 7. Nc3 c6 8. Bc4 Nf6 9. g3 Qe7 10. Nge2 b5 11. e5 dxe5 12. dxe5 Qxe5 13. Bxf4 Bxf4 14. gxf4 Qe7 15. Bd3 Nbd7 16. Qd2 Nc5 17. O-O-O b4 18. Rhe1 O-O 19. Ng3 Nxd3+ 20. Qxd3 Qc7 21. Qd4 Ne8 22. Rxe8 Rxe8 23. Nh5 Kf8 24. Qg7+ Ke7 25. Ne4 Qa5 26. Qf6+ Kf8 27. Qh6+ 1-0

[Event "POL Team Ch"]
[Site "Lubniewice POL"]
[Date "1993.??.??"]
[Round "?"]
[White "Grabarczyk, Bogdan"]
[Black "Borkowski, Franciszek"]
[Result "0-1"]
[WhiteElo "2345"]
[BlackElo "2435"]
[PlyCount "116"]
[EventDate "1993.??.??"]
[Source "www.chesslib.no"]
[SourceDate "2004.05.04"]

1. e4 e5 2. f4 exf4 3. Nf3 d6 4. Bc4 h6 5. h4 Nf6 6. Nc3 Be7 7. d3 Bg4 8. Bxf4 Nh5 9. Be3 Nc6 10. Qd2 Bxf3 11. gxf3 Bxh4+ 12. Kd1 Ne5 13. Bb3 Ng3 14. Rh3 Nf1 15. Qe2 Nxe3+ 16. Qxe3 c6 17. Ke2 g5 18. Rg1 Qb6 19. Rhh1 Qxe3+ 20. Kxe3 Ke7 21. Ne2 f5 22. Nd4 f4+ 23. Ke2 Raf8 24. Ne6 Rf7 25. d4 Ng6 26. c3 Kf6 27. d5 c5 28. Bc2 Rc8 29. a4 Ke5 30. a5 Nf8 31. Nxf8 Rcxf8 32. Bd3 Kf6 33. a6 bxa6 34. b3 Rb8 35. Bc4 h5 36. Ra1 Rb6 37. Rxa6 Rxa6 38. Bxa6 Rc7 39. Kd3 Ke5 40. Bb5 Rb7 41. Kc4 Rh7 42. Be8 Rh8 43. Bg6 Kf6 44. Bf5 Bg3 45. Ra1 g4 46. Ra6 Rd8 47. fxg4 h4 48. Rxa7 f3 49. Kd3 f2 50. Ke2 Rb8 51. Be6 Rxb3 52. Rf7+ Ke5 53. g5 Kxe4 54. Bf5+ Kxd5 55. g6 Rb8 56. g7 Re8+ 57. Be4+ Rxe4+ 58. Kf1 Rg4 0-1

[Event "Ron Banwell Masters, London ENG"]
[Site "?"]
[Date "2001.??.??"]
[Round "3"]
[White "Eames, R."]
[Black "Thipsay, P."]
[Result "1/2-1/2"]
[WhiteElo "2330"]
[BlackElo "2450"]
[PlyCount "67"]
[EventDate "2001.??.??"]
[Source "www.chesslib.no"]
[SourceDate "2004.05.04"]

1. e4 e5 2. f4 exf4 3. Nf3 d6 4. d4 g5 5. h4 g4 6. Ng1 Nf6 7. Bxf4 Nxe4 8. Bd3 Qe7 9. Ne2 Bf5 10. O-O Qxh4 11. Nbc3 Nxc3 12. Nxc3 Be6 13. g3 Qh5 14. Bb5+ Kd8 15. d5 Bd7 16. Qd4 Rg8 17. Rae1 Qg6 18. Qe3 c6 19. Bd3 f5 20. b4 Bg7 21. Qe7+ Kc8 22. Re6 Bxe6 23. Qxd6 Bd4+ 24. Rf2 Qg7 25. Qxe6+ Kd8 26. Bxf5 Nd7 27. dxc6 bxc6 28. Qxc6 Bxf2+ 29. Kxf2 Nb6 30. Qd6+ Ke8 31. Qe6+ Kd8 32. Qd6+ Ke8 33. Qe6+ Kd8 34. Qd6+ 1/2-1/2

[Event "Gausdal Masters"]
[Site "Gausdal"]
[Date "1996.??.??"]
[Round "4"]
[White "Westerinen, Heikki MJ"]
[Black "Kraidman, Yair"]
[Result "1-0"]
[WhiteElo "2410"]
[BlackElo "2365"]
[PlyCount "47"]
[EventDate "1996.01.??"]
[Source "ChessBase"]

1. e4 e5 2. f4 exf4 3. Nf3 d6 4. Bc4 Nc6 5. d4 Bg4 6. Bxf4 Nf6 7. Nc3 Be7 8. Qd3 O-O 9. O-O-O Na5 10. h3 Bxf3 11. gxf3 Nh5 12. Bd2 Bg5 13. Bb3 Nxb3+ 14. axb3 c6 15. Rhg1 Bxd2+ 16. Qxd2 Qf6 17. Qg5 Qxg5+ 18. Rxg5 g6 19. d5 c5 20. Nb5 Rfd8 21. e5 f6 22. Rxh5 gxh5 23. Nxd6 Rd7 24. Ne4 1-0